000
00312nam a22001337a 4500
008
171030b xxu||||| |||| 00| 0 eng d
020
_a
9780070591097
041
_a
eng
080
_2
2ND
_a
336
100
_a
57
101
_a
FIN
245
_a
THE MODERN THEORY OF CORPORATE FINANCE
_c
SMITH,C.W
942
_2
udc
_c
BK
999
_c
36408
_d
36408